000 00815nam#a2200289#a#4500
001 vtls000406743
003 NLI
005 20210603110438.0
008 110211s1962 ii 000 0 eng
039 9 _y201102112257
_zVargis_01
040 _aNLI
_beng
_cVergis_S
_eAACR2
041 0 _aeng
044 _aii
082 0 4 _a627.52
100 1 _aAcharya, G. Gopala
_9593829
245 1 0 _aIrrigation and construction industries /
_cby G. Gopala Acharya
260 _aMadras :
_bThe Author,
_c1962
300 _avi,56 p. ;
_c25 cm.
650 0 _aHydraulic engineering
_9603
650 0 _aReclamation of land
650 0 _aDrainage
_917188
887 _a
901 _aDB2913
_b02.04.1963
902 _aE/O 627.52 G 646
942 _2ddc
_cBKS
949 _AVIRTUAITEM
_D10000
_X100
_6DBA000002913ENG
999 _aVIRTUA40
_c366751
_d366751